000 00458nam a22001697a 4500
003 OSt
005 20260425013932.0
008 260425b |||||||| |||| 00| 0 eng d
020 _a 0-385-49649-4.
040 _aDWCL-Admin lib
_cOC
082 _aFic. F Al13 1991
100 _aAlbom, Mitch
245 _aTuesdays with Morrie /
_cMitch Albom
260 _a N.Y. :
_b Doubleday Pub.,
_cc1991.
300 _a 192 p. ;
_c18 cm.
942 _2ddc
_cFIC.
_hFic.
_n0
999 _c9879
_d9879